Catálogo
 En Linea

Tras las huellas de José : (Registro nro. 548)

Detalles MARC
000 -CABECERA
campo de control de longitud fija 01047nam a2200253 a 4500
001 - NÚMERO DE CONTROL
campo de control 000000550
005 - FECHA Y HORA DE LA ÚLTIMA TRANSACCIÓN
campo de control 20200929145348.0
008 - DATOS DE LONGITUD FIJA--INFORMACIÓN GENERAL
campo de control de longitud fija 081112s2008 dr 000 0 spa d
020 ## - NÚMERO INTERNACIONAL ESTÁNDAR DEL LIBRO
Número Internacional Estándar del Libro 9789945864106
040 ## - FUENTE DE LA CATALOGACIÓN
Centro catalogador/agencia de origen DO-SdBNP
Lengua de catalogación spa
Centro/agencia transcriptor BNPHU
082 ## - NÚMERO DE LA CLASIFICACIÓN DECIMAL DEWEY
Número de clasificación 270.092
Número de documento/Ítem G633t
100 1# - ENTRADA PRINCIPAL--NOMBRE DE PERSONA
Nombre de persona Gómez Fernández, Alonso
9 (RLIN) 1812
245 10 - MENCIÓN DE TÍTULO
Título Tras las huellas de José :
Resto del título ícono del padre y guardián del arca /
Mención de responsabilidad, etc. Alonso Gómez Fernández.
260 ## - PUBLICACIÓN, DISTRIBUCIÓN, ETC.
Lugar de publicación, distribución, etc. Santo Domingo :
Nombre del editor, distribuidor, etc. Ama,
Fecha de publicación, distribución, etc. 2008.
300 ## - DESCRIPCIÓN FÍSICA
Extensión 341p. ;
Dimensiones 23 cm.
505 0# - NOTA DE CONTENIDO CON FORMATO
Título Siglas y abreviaturas --
-- Introducción --
-- La huella de José en el Antiguo Testamento --
-- La figura de José en el Nuevo Testamento --
-- El anuncio de José --
-- Epílogo --
-- Bibliografía --
-- Índice de autores dominicanos.
590 ## - NOTA LOCAL (RLIN)
Nota local Inventariado, 2018/ YL
650 04 - PUNTO DE ACCESO ADICIONAL DE MATERIA--TÉRMINO DE MATERIA
Término de materia o nombre geográfico como elemento de entrada Biblia.
Subdivisión cronológica A.T.
Subdivisión general Crítica e interpretacion
9 (RLIN) 1813
650 04 - PUNTO DE ACCESO ADICIONAL DE MATERIA--TÉRMINO DE MATERIA
Término de materia o nombre geográfico como elemento de entrada Revelación en la biblia
9 (RLIN) 1814
650 #4 - PUNTO DE ACCESO ADICIONAL DE MATERIA--TÉRMINO DE MATERIA
Término de materia o nombre geográfico como elemento de entrada Santos
Subdivisión general Biografías
9 (RLIN) 1815
650 #4 - PUNTO DE ACCESO ADICIONAL DE MATERIA--TÉRMINO DE MATERIA
Término de materia o nombre geográfico como elemento de entrada Cristianismo
Subdivisión general Biografias
9 (RLIN) 1816
653 ## - TÉRMINO DE INDIZACIÓN--NO CONTROLADO
Término no controlado SANTO, JOSÉ
910 ## - DATOS DE OPCIÓN DEL USUARIO (OCLC)
Datos de opción del usuario Validado. Control de calidad MFF
Existencias
Estado de retiro Estado de pérdida Restricciones de uso No para préstamo Código de colección Localización permanente Ubicación/localización actual Ubicación en estantería Fecha de adquisición Número de inventario Total de préstamos Signatura topográfica completa Código de barras Fecha visto por última vez Número de copia Precio válido a partir de Tipo de ítem Koha
    Préstamo en sala   Dominicana de Servicio Biblioteca Nacional Pedro Henríquez Ureña Biblioteca Nacional Pedro Henríquez Ureña Depósito 21.07.2009 LF1   270.092 G633t 550-30 25.06.2020 e. 3 25.06.2020 Libros y folletos
    Préstamo en sala   Dominicana de Servicio Biblioteca Nacional Pedro Henríquez Ureña Biblioteca Nacional Pedro Henríquez Ureña Depósito 21.07.2009 LF1   270.092 G633t 550-40 25.06.2020 e. 4 25.06.2020 Libros y folletos
    Préstamo restringido Excluido de préstamo Patrimonio Dominicano Biblioteca Nacional Pedro Henríquez Ureña Biblioteca Nacional Pedro Henríquez Ureña Depósito 16.07.2009 LF1   270.092 G633t 550-10 25.06.2020   25.06.2020 Libros y folletos
    Préstamo restringido Excluido de préstamo Patrimonio Dominicano Biblioteca Nacional Pedro Henríquez Ureña Biblioteca Nacional Pedro Henríquez Ureña Depósito 21.07.2009 LF1   270.092 G633t 550-20 25.06.2020 e. 2 25.06.2020 Libros y folletos

Con tecnología Koha